Un tercero en discordia (Record no. 152719)

MARC details
000 -LEADER
campo de control de longitud fija 00604nam a22001695i 4500
001 - NÚMERO DE CONTROL
campo de control 152719
003 - IDENTIFICADOR DE NÚMERO DE CONTROL
campo de control ES-MaACL
005 - FECHA Y HORA DE LA ÚLTIMA TRANSACCIÓN
campo de control 20230911063143.0
008 - DATOS DE LONGITUD FIJA--INFORMACIÓN GENERAL
campo de control de longitud fija 980730s1839 sp |||| | spa d
040 ## - FUENTE DE CATALOGACIÓN
Centro catalogador/agencia de origen CYL
Lengua de catalogación spa
Centro/agencia transcriptor CYL
100 1# - ENTRADA PRINCIPAL--NOMBRE DE PERSONA
Nombre de persona Bretón de los Herreros, Manuel,
Fechas asociadas al nombre 1796-1873
9 (RLIN) 31637
245 13 - MENCIÓN DEL TÍTULO
Título Un tercero en discordia
Resto del título : comedia original y en verso /
Mención de responsabilidad, etc. de Manuel Breton de los Herreros.
260 ## - PUBLICACIÓN, DISTRIBUCIÓN, ETC.
Lugar de publicación, distribución, etc. Madrid :
Nombre del editor, distribuidor, etc. [s.n.],
Fecha de publicación, distribución, etc. 1839 (
Fabricante imprenta de Yenes)
300 ## - DESCRIPCIÓN FÍSICA
Extensión 96 p. ;
Dimensiones 20 cm.
852 ## - LOCALIZACIÓN
Ubicación ES-MaACL
Número de control de estantería F-8823(1)
Nota libre -- Enc. hol., falto de la cub. original
Holdings
Estatus retirado Estado de pérdida Estado de daño No para préstamo Colección Biblioteca de origen Biblioteca actual Ubicación en estantería Fecha de adquisición Fuente de adquisición Total de préstamos Signatura topográfica completa Código de barras Visto por última vez Precio de reemplazo Tipo de ítem Koha
        Libros del s. XIX Biblioteca del Ateneo de Madrid Biblioteca del Ateneo de Madrid Sala Pecera Planta 2 17/01/2008     F-8823(1) 1159490 23/02/2023 23/02/2023 Libro impreso antiguo